CASES IN CONSUMER BEHANOR (Record no. 32779)

MARC details
000 -LEADER
fixed length control field 00429nam a22001817a 4500
003 - CONTROL NUMBER IDENTIFIER
control field OSt
005 - DATE AND TIME OF LATEST TRANSACTION
control field 20220314143500.0
008 - FIXED-LENGTH DATA ELEMENTS--GENERAL INFORMATION
fixed length control field 220314b |||||||| |||| 00| 0 eng d
020 ## - INTERNATIONAL STANDARD BOOK NUMBER
International Standard Book Number 013118332
040 ## - CATALOGING SOURCE
Transcribing agency H U
082 ## - DEWEY DECIMAL CLASSIFICATION NUMBER
Classification number 658.8342
100 ## - MAIN ENTRY--PERSONAL NAME
Personal name DEBRUICKER ,F .STEWART
9 (RLIN) 32933
245 ## - TITLE STATEMENT
Title CASES IN CONSUMER BEHANOR
250 ## - EDITION STATEMENT
Edition statement 2/ED
260 ## - PUBLICATION, DISTRIBUTION, ETC.
Place of publication, distribution, etc. ANERICA
Name of publisher, distributor, etc. PRENTICE HALL
Date of publication, distribution, etc. 1986
300 ## - PHYSICAL DESCRIPTION
Extent 345
942 ## - ADDED ENTRY ELEMENTS (KOHA)
Source of classification or shelving scheme Dewey Decimal Classification
Koha item type Books like text book referance book
Suppress in OPAC No
Holdings
Withdrawn status Lost status Source of classification or shelving scheme Damaged status Not for loan Home library Current library Shelving location Date acquired Total Checkouts Full call number Barcode Date last seen Copy number Price effective from Koha item type
    Dewey Decimal Classification     College of Business and Economics Library College of Business and Economics Library General Stacks 03/14/2022   658.8342//DEB MBELIB00006905 03/14/2022 1 03/14/2022 Books like text book referance book